00970cam a22002291 4500001000400000003000800004005001700012008004100029035001700070035001800087040004100105041000800146082002200154245018700176260003300363300003900396500002900435504002100464650001500485700002300500856021700523674BD-RjUL20211208233221.0730309s1964 nyucf 000 0 eng  a(BD-RjUL)694 a(OCoLC)575484 aDLCcODaWUdOCoLCdDLCdBD-RjULbeng aeng00a027222bBAS 196410aBases of modern librarianship :ba study of library theory and practice in Britain, Canada, Denmark, the Federal Republic of Germany and the United States /cedited by Carl M. White. aNew York,bMacmillan,c1964. ax, 126 p. :bill. photos ;c23 cm. a"A Pergamon Press book." aIncludes indexs. 0aLibraries.1 aWhite, Carl Milton uhttp://www.worldcat.org/title/bases-of-modern-librarianship-a-study-of-library-theory-and-practice-in-britain-canada-denmark-the-federal-republic-of-germany-and-the-united-states/oclc/575484&referer=brief_results